Provisión de agua potable de Valparaíso: observaciones que hacen los injenieros señores Jorje S. Lyon e Ismael Renjifo al informe de la comisión nombrada por el consejo superior de hijiene pública para examinar el proyecto preparado por ellos para completar la provisión de agua potable de Valparaíso
Gardado en:
| Main Authors: | , |
|---|---|
| Formato: | Libro |
| Idioma: | Lingua castelá |
| Publicado: |
Valparaíso
La Patria
1889
|
| Subjects: | |
| Tags: |
Engadir etiqueta
Sen Etiquetas, Sexa o primeiro en etiquetar este rexistro!
|
MARC
| LEADER | 00000nam a2200000 a 4500 | ||
|---|---|---|---|
| 001 | UCO4079 | ||
| 003 | CL-VaPUC | ||
| 008 | 000728e18890000CL |||||||||||||||||spa|d | ||
| 082 | 0 | 4 | |a 628.14 |b LYO |2 21 |
| 100 | |a Lyon, Jorge S. |e autor |9 448214 | ||
| 700 | 0 | |a Renjifo, Ismael |e author |9 448215 | |
| 245 | 1 | 0 | |a Provisión de agua potable de Valparaíso: observaciones que hacen los injenieros señores Jorje S. Lyon e Ismael Renjifo al informe de la comisión nombrada por el consejo superior de hijiene pública para examinar el proyecto preparado por ellos para completar la provisión de agua potable de Valparaíso |
| 300 | |a 24 p | ||
| 942 | |c BK | ||
| 945 | |d 20000728 00:00:00 |a crobeson | ||
| 260 | |a Valparaíso |b La Patria |c 1889 | ||
| 650 | 0 | |a Agua potable |9 260375 | |
| 650 | 0 | |a Abastecimiento de agua |9 260374 | |
| 651 | 7 | |a CHILE |2 CL-VaPUC |9 448216 | |
| 651 | 0 | |a Valparaíso, Chile |9 261144 | |
| 583 | |a last modification |c 20000728 00:00:00 |k Rodrigo Vera | ||
| 999 | |c 290163 |d 290161 | ||
| 952 | |0 0 |1 0 |4 0 |6 628_140000000000000_LYO_1889 |7 0 |8 X |9 339435 |a BIBHIS |b BIBHIS |d 2019-11-20 |i 1203886 |o 628.14 LYO 1889 |p 1203886 |r 2024-01-30 |w 2019-11-20 |y BK_X |k HIS | ||